| 000 | 01851cam a2200349 a 4500 | ||
|---|---|---|---|
| 003 | EG-GiCUC | ||
| 005 | 20250223030900.0 | ||
| 008 | 131031s2013 ua dh f m 000 0 eng d | ||
| 040 |
_aEG-GiCUC _beng _cEG-GiCUC |
||
| 041 | 0 | _aeng | |
| 049 | _aDeposite | ||
| 097 | _aPh.D | ||
| 099 | _aCai01.11.15.Ph.D.2013.Ah.P | ||
| 100 | 0 | _aAhmed Samy Aly Ashour | |
| 245 | 1 | 0 |
_aPreinduction ultrasonographic measurements as a predictor of successful induction of labor in prolonged pregnancy in primigravidas / _cAhmed Samy Aly Ashour ; Suprvised Hassan Omar Ghareeb , Fouad Abdelkader Abohamila , Ghada Abdelfattah Abdelmoety |
| 246 | 1 | 5 | _aقياسات الموجات فوق الصوتية قبل عملية تحريض الولاده كمؤشر للتنبؤ بنجاح عملية التحريض فى الحمل الممتد فى الحوامل لاول مرة |
| 260 |
_aCairo : _bAhmed Samy Aly Ashour , _c2013 |
||
| 300 |
_a141 Leaves. : _bcharts , facsimiles ; _c25cm |
||
| 502 | _aThesis (Ph.D.) - Cairo University - Faculty of Medicine - Department of Gynecology and Obstetrics | ||
| 520 | _aThe mean gestational age at delivery was higher in the group that falied to achieve vaginal delivery in compaarison with the group that achieved so , and the difference was statisically signficant. There were significant differenes in height, weight and BMI of the patients among women with successful induction and unsuccessful induction | ||
| 530 | _aIssued also as CD | ||
| 653 | 4 | _aAmniotic fluid | |
| 653 | 4 | _aCtg | |
| 653 | 4 | _aMeasurements | |
| 700 | 0 |
_aFouad Abdelkader Abohamila , _eSupervisor |
|
| 700 | 0 |
_aGhada Abdelfattah Abdelmoety , _eSupervisor |
|
| 700 | 0 |
_aHassan Omar Ghareeb , _eSupervisor |
|
| 856 | _uhttp://172.23.153.220/th.pdf | ||
| 905 |
_aAml _eCataloger |
||
| 905 |
_aNazla _eRevisor |
||
| 942 |
_2ddc _cTH |
||
| 999 |
_c43945 _d43945 |
||